[Event "EU-ch Blitz"]
[Site "Katowice"]
[Date "2022.12.16"]
[Round "1"]
[White "Stadlinger, Matthias"]
[Black "Dragnev, Valentin"]
[Result "0-1"]
[WhiteElo "1948"]
[BlackElo "2556"]
[PlyCount "50"]
[EventDate "2022.12.16"]
[EventType "swiss (blitz)"]
[EventRounds "22"]
[EventCountry "POL"]
[SourceTitle "CBM 211 Extra"]
[Source "ChessBase"]
[SourceDate "2023.01.31"]
[SourceVersion "1"]
[SourceVersionDate "2023.01.31"]
[SourceQuality "1"]

1. b3 Nf6 2. Bb2 g6 3. d4 Bg7 4. g3 0-0 5. Bg2 d5 6. e3 Bf5 7. Ne2 a5 8. a4 c6 9. 0-0 h5 10. c4 Na6 11. Nbc3 Nb4 12. Qd2 Qd7 13. Na2 Nxa2 14. Rxa2 h4 15. Rc1 h3 16. Bf1 Ne4 17. Qe1 Ng5 18. Qd1 Be4 19. Nc3 Bf3 20. Be2 Qf5 21. Ba1 dxc4 22. bxc4 e5 23. d5 Rad8 24. Qc2 e4 25. Bxf3 Qxf3 0-1

[Event "AUT-ch"]
[Site "Vienna"]
[Date "2022.08.12"]
[Round "1"]
[White "Stadlinger, Matthias"]
[Black "Steiner, Adam"]
[Result "1/2-1/2"]
[WhiteElo "1967"]
[BlackElo "2226"]
[PlyCount "83"]
[EventDate "2022.08.12"]
[EventType "swiss"]
[EventRounds "9"]
[EventCountry "AUT"]
[SourceTitle "CBM 209 Extra"]
[Source "ChessBase"]
[SourceDate "2022.09.30"]
[SourceVersion "1"]
[SourceVersionDate "2022.09.30"]
[SourceQuality "1"]

1. c4 c6 2. Nc3 d5 3. cxd5 cxd5 4. d4 Nf6 5. Nf3 Nc6 6. Bf4 Bf5 7. e3 e6 8. Bb5 Nd7 9. Qa4 Rc8 10. 0-0 a6 11. Bxc6 Rxc6 12. Rfe1 Be7 13. Ne5 Nxe5 14. dxe5 0-0 15. e4 Rc4 16. Qb3 Rb4 17. Qc2 dxe4 18. Rad1 Qc7 19. Qe2 Rd8 20. Rxd8+ Qxd8 21. Rd1 Rd4 22. Rxd4 Qxd4 23. g4 Bg6 24. g5 Qd3 25. Qxd3 exd3 26. a3 Kf8 27. Kf1 Ke8 28. Ke1 Kd7 29. Kd2 Kc6 30. Be3 b5 31. b4 a5 32. bxa5 Bxa3 33. a6 Bb4 34. f3 Ba5 35. a7 Kb7 36. h4 Bh5 37. Kxd3 Bxc3 38. Kxc3 Bxf3 39. Kb4 Ka6 40. Bd4 Ba8 41. Be3 Bd5 42. Bd4 1/2-1/2

[Event "St Veit op 41st"]
[Site "St Veit"]
[Date "2022.07.12"]
[Round "5"]
[White "Stadlinger, Matthias"]
[Black "Hresc, Vladimir"]
[Result "0-1"]
[WhiteElo "1975"]
[BlackElo "2308"]
[PlyCount "76"]
[EventDate "2022.07.09"]
[EventType "swiss"]
[EventRounds "9"]
[EventCountry "AUT"]
[SourceTitle "CBM 209 Extra"]
[Source "ChessBase"]
[SourceDate "2022.09.30"]
[SourceVersion "1"]
[SourceVersionDate "2022.09.30"]
[SourceQuality "1"]

1. Nf3 Nf6 2. g3 d5 3. Bg2 c6 4. 0-0 g6 5. d4 Bg7 6. Ne5 Nfd7 7. f4 f6 8. Nd3 0-0 9. f5 gxf5 10. Nf4 Nb6 11. Nh5 Qe8 12. Nxg7 Kxg7 13. Rf4 Kh8 14. Rh4 Rg8 15. Nc3 N8d7 16. Bh6 Nf8 17. Bf3 Be6 18. Qd3 Nc4 19. Na4 b6 20. b3 Nd6 21. Rf1 Ng6 22. Bh5 Bf7 23. Bxg6 Bxg6 24. Nc3 f4 25. Qf3 fxg3 26. hxg3 Nf5 27. Rh3 Nxd4 28. Qf4 Ne6 29. Qh4 Qf7 30. e4 Ng7 31. g4 dxe4 32. g5 Nf5 33. Qf4 Qe6 34. Re1 Nxh6 35. Rxh6 fxg5 36. Qg3 Qd6 37. Qh3 Qd4+ 38. Kh1 Raf8 0-1

[Event "St Veit op 41st"]
[Site "St Veit"]
[Date "2022.07.10"]
[Round "3"]
[White "Fahrner, Kurt"]
[Black "Stadlinger, Matthias"]
[Result "1-0"]
[WhiteElo "2331"]
[BlackElo "1975"]
[PlyCount "59"]
[EventDate "2022.07.09"]
[EventType "swiss"]
[EventRounds "9"]
[EventCountry "AUT"]
[SourceTitle "CBM 209 Extra"]
[Source "ChessBase"]
[SourceDate "2022.09.30"]
[SourceVersion "1"]
[SourceVersionDate "2022.09.30"]
[SourceQuality "1"]

1. g3 e6 2. Bg2 d5 3. d3 Nf6 4. Nd2 c5 5. e4 Nc6 6. Ngf3 Be7 7. 0-0 0-0 8. Re1 b5 9. e5 Nd7 10. Nf1 Qb6 11. h4 a5 12. N1h2 a4 13. a3 b4 14. h5 c4 15. d4 c3 16. bxc3 bxa3 17. h6 g6 18. Bxa3 Qc7 19. Ng4 Ba6 20. Bxe7 Nxe7 21. Rxa4 Qxc3 22. Re3 Qc6 23. Rea3 Be2 24. Qa1 Rxa4 25. Rxa4 Bxf3 26. Bxf3 Nf5 27. Ra7 Nb6 28. Qa3 Ra8 29. Nf6+ Kh8 30. Rxf7 1-0

[Event "AUT-ch U18"]
[Site "St Veit"]
[Date "2022.04.13"]
[Round "6"]
[White "Stadlinger, Matthias"]
[Black "Lotz, Dominik"]
[Result "1/2-1/2"]
[WhiteElo "1994"]
[BlackElo "1583"]
[PlyCount "62"]
[EventDate "2022.04.10"]
[EventType "swiss"]
[EventRounds "7"]
[EventCountry "AUT"]
[SourceTitle "EXT 2023"]
[Source "ChessBase"]
[SourceDate "2022.10.05"]
[SourceVersion "1"]
[SourceVersionDate "2022.10.05"]
[SourceQuality "1"]

1. e4 c6 2. d4 d5 3. e5 Bf5 4. Nc3 e6 5. g4 Bg6 6. Nge2 Be7 7. Ng3 Nd7 8. f4 Bh4 9. Be3 Qb6 10. Na4 Qa5+ 11. c3 h5 12. f5 exf5 13. g5 Nf8 14. Nc5 Qc7 15. Qf3 b6 16. Nd3 Ne6 17. Ke2 Ne7 18. Bh3 Nxg5 19. Bxg5 Bxg5 20. Bxf5 Nxf5 21. Nxf5 0-0-0 22. Nd6+ Rxd6 23. exd6 Qxd6 24. Qh3+ Kd8 25. Rae1 Re8+ 26. Kd1 Be4 27. Ne5 Rxe5 28. dxe5 Qg6 29. Rhg1 Bc2+ 30. Ke2 Qe4+ 31. Kf2 Qf4+ 1/2-1/2

[Event "AUT-ch U16 Online Rapid"]
[Site "Playchess.com INT"]
[Date "2020.12.13"]
[Round "5"]
[White "Stadlinger, Matthias"]
[Black "Cafasso, Elia"]
[Result "0-1"]
[WhiteElo "1865"]
[BlackElo "1973"]
[PlyCount "86"]
[EventDate "2020.12.13"]
[EventType "swiss (rapid)"]
[EventRounds "7"]
[EventCountry "AUT"]
[SourceTitle "EXT 2022"]
[Source "ChessBase"]
[SourceDate "2021.10.06"]
[SourceVersion "1"]
[SourceVersionDate "2021.10.06"]
[SourceQuality "1"]

1. c4 Nf6 2. Nc3 e6 3. g3 d5 4. cxd5 exd5 5. d4 Bd6 6. Bg2 c6 7. Nf3 0-0 8. Bg5 h6 9. Bxf6 Qxf6 10. 0-0 Bf5 11. e3 Nd7 12. Qd2 Rfe8 13. a3 Qe6 14. Rfc1 Bh3 15. Bh1 Nf6 16. b4 Ne4 17. Nxe4 dxe4 18. Ne1 Qf5 19. Rc2 Re6 20. Rac1 h5 21. Ng2 g5 22. a4 Rf6 23. b5 cxb5 24. axb5 h4 25. Qe2 Bg4 26. Qd2 Kg7 27. d5 Rh8 28. Qd4 Be5 29. Qd2 hxg3 30. fxg3 Qh7 31. h4 Bxg3 32. Rc7 Bf2+ 33. Qxf2 Rxf2 34. Kxf2 Qf5+ 35. Kg1 Qxd5 36. R1c5 Qd1+ 37. Kh2 gxh4 38. Rg5+ Kf6 39. Rgc5 h3 40. Nf4 Qd2+ 41. Kg3 Qxe3+ 42. Kxg4 Rg8+ 43. Kh5 Qxf4 0-1

[Event "Innsbruck op 4th"]
[Site "Innsbruck"]
[Date "2020.08.28"]
[Round "8"]
[White "Stadlinger, Matthias"]
[Black "Colonetti, Fabio"]
[Result "0-1"]
[WhiteElo "1822"]
[BlackElo "2089"]
[PlyCount "56"]
[EventDate "2020.08.22"]
[EventType "swiss"]
[EventRounds "9"]
[EventCountry "AUT"]
[SourceTitle "CBM 198 Extra"]
[Source "ChessBase"]
[SourceDate "2020.11.30"]
[SourceVersion "1"]
[SourceVersionDate "2020.11.30"]
[SourceQuality "1"]

1. Nf3 d5 2. g3 Nf6 3. Bg2 c6 4. 0-0 Bf5 5. d3 h6 6. Nbd2 e6 7. Re1 Be7 8. a3 Bh7 9. c4 0-0 10. Ne5 Nbd7 11. Ndf3 Nxe5 12. Nxe5 Nd7 13. Nxd7 Qxd7 14. Qb3 d4 15. Bd2 e5 16. Qc2 f5 17. e4 f4 18. b4 f3 19. Bf1 Bg6 20. Reb1 h5 21. b5 c5 22. h3 Bf7 23. Qc1 Be6 24. Kh2 Rf6 25. Bg5 Rg6 26. Bxe7 Qxe7 27. Qb2 Rf8 28. h4 Rf4 0-1

[Event "Innsbruck op 4th"]
[Site "Innsbruck"]
[Date "2020.08.27"]
[Round "7"]
[White "Meier, Volker"]
[Black "Stadlinger, Matthias"]
[Result "1-0"]
[WhiteElo "2272"]
[BlackElo "1822"]
[PlyCount "67"]
[EventDate "2020.08.22"]
[EventType "swiss"]
[EventRounds "9"]
[EventCountry "AUT"]
[SourceTitle "CBM 198 Extra"]
[Source "ChessBase"]
[SourceDate "2020.11.30"]
[SourceVersion "1"]
[SourceVersionDate "2020.11.30"]
[SourceQuality "1"]

1. d4 e6 2. c4 f5 3. g3 Nf6 4. Bg2 Bb4+ 5. Nd2 0-0 6. Ngf3 d5 7. Qc2 c6 8. 0-0 Nbd7 9. a3 Bd6 10. b3 Ne4 11. Bb2 Ndf6 12. Nxe4 Nxe4 13. Ne5 Bd7 14. f3 Bxe5 15. fxe4 Bd6 16. cxd5 cxd5 17. exd5 Rc8 18. Qd3 Qb6 19. Kh1 Bb5 20. Qd2 exd5 21. Bxd5+ Kh8 22. Bf3 Rce8 23. Rac1 f4 24. d5 Qe3 25. Qxe3 Rxe3 26. gxf4 Rxb3 27. Be5 Bxa3 28. Rc7 Bb2 29. Rxb7 Bxe5 30. fxe5 a6 31. e6 Re3 32. e7 Re8 33. d6 Re6 34. Bd5 1-0

[Event "AUT-ch U14"]
[Site "St Kanzian"]
[Date "2018.05.21"]
[Round "5.5"]
[White "Danninger, Simon"]
[Black "Stadlinger, Matthias"]
[Result "1/2-1/2"]
[WhiteElo "1600"]
[BlackElo "1505"]
[PlyCount "50"]
[EventDate "2018.05.19"]
[EventType "swiss"]
[EventRounds "7"]
[EventCountry "AUT"]
[SourceTitle "EXT 2024"]
[Source "ChessBase"]
[SourceDate "2023.10.10"]
[SourceVersion "1"]
[SourceVersionDate "2023.10.10"]
[SourceQuality "1"]

1. e4 e5 2. Nf3 d6 3. Bc4 Be7 4. d3 Nf6 5. c3 0-0 6. 0-0 c6 7. Bb3 Be6 8. Re1 Nbd7 9. Nbd2 h6 10. Nf1 Nc5 11. Bc2 b5 12. d4 exd4 13. cxd4 Nb7 14. Ng3 c5 15. b3 Qb6 16. dxc5 dxc5 17. h3 Rad8 18. Qe2 Rfe8 19. e5 Nd5 20. Qe4 g6 21. Bxh6 Nc3 22. Qe3 Nd5 23. Qe4 Nc3 24. Qe3 Nd5 25. Qe4 Nc3 1/2-1/2

[Event "EU Union-ch U14 15th"]
[Site "Mureck"]
[Date "2017.08.04"]
[Round "3"]
[White "Stadlinger, Matthias"]
[Black "Kuhar, Larisa"]
[Result "0-1"]
[WhiteElo "1569"]
[BlackElo "1752"]
[PlyCount "64"]
[EventDate "2017.08.02"]
[EventType "swiss"]
[EventRounds "9"]
[EventCountry "AUT"]
[SourceTitle "CBM 180 Extra"]
[Source "ChessBase"]
[SourceDate "2017.10.06"]
[SourceVersion "1"]
[SourceVersionDate "2017.10.06"]
[SourceQuality "1"]

1. Nf3 c5 2. g3 b6 3. Bg2 Bb7 4. 0-0 Nf6 5. d3 e6 6. c4 d6 7. Nc3 a6 8. a3 Nbd7 9. b3 Be7 10. Bb2 0-0 11. e3 Qc7 12. Rc1 Rac8 13. d4 Rfe8 14. dxc5 dxc5 15. Qc2 Qb8 16. Rfd1 Qa8 17. Ne1 Bxg2 18. Nxg2 Red8 19. Qe2 Ne5 20. Na4 Nf3+ 21. Kh1 Qc6 22. Rxd8+ Rxd8 23. Rd1 Rxd1+ 24. Qxd1 Ng4 25. Qe2 Ngxh2 26. e4 b5 27. cxb5 axb5 28. Nc3 Nd4 29. Qd3 Nhf3 30. Ne3 Bg5 31. a4 e5 32. Nxb5 Qh6+ 0-1

[Event "AUT-ch U14"]
[Site "St Veit"]
[Date "2017.06.04"]
[Round "4.6"]
[White "Stadlinger, Matthias"]
[Black "Notegger, Phil"]
[Result "1/2-1/2"]
[WhiteElo "1495"]
[BlackElo "1481"]
[PlyCount "74"]
[EventDate "2017.06.03"]
[EventType "swiss"]
[EventRounds "7"]
[EventCountry "AUT"]
[SourceTitle "EXT 2024"]
[Source "ChessBase"]
[SourceDate "2023.10.10"]
[SourceVersion "1"]
[SourceVersionDate "2023.10.10"]
[SourceQuality "1"]

1. Nf3 c5 2. g3 Nc6 3. Bg2 g6 4. 0-0 Bg7 5. d3 e5 6. e4 d6 7. c3 Nge7 8. Be3 0-0 9. Nbd2 h6 10. Nc4 f5 11. Qd2 Kh7 12. Nh4 g5 13. Nxf5 Nxf5 14. exf5 Bxf5 15. Be4 d5 16. Bxc5 Bxe4 17. Bxf8 dxc4 18. Bxg7 Bxd3 19. Rfd1 Kxg7 20. b3 Kf7 21. bxc4 Bxc4 22. Qd7+ Qxd7 23. Rxd7+ Kf6 24. Rxb7 Rd8 25. Rc7 Rd6 26. a3 a6 27. Rb1 Na5 28. Rc5 Nb3 29. Rxc4 Nd2 30. Rcb4 Nxb1 31. Rxb1 Rc6 32. a4 Ke6 33. f3 Kd5 34. Kf2 Rxc3 35. Rb6 Rc6 36. Rxc6 Kxc6 37. Ke3 Kd5 1/2-1/2